MARC

LEADER 00000nam0a2200000 4500
001 91668
005 20231031104156.0
035 |a (RuTPU)RU\TPU\book\98257 
090 |a 91668 
100 |a 20060228d1974 km y0rusy50 ca 
101 0 |a rus 
102 |a RU 
105 |a a z 001zy 
200 1 |a Производство искусственных пористых заполнителей  |f М. П. Элинзон 
205 |a 2-е изд., перераб. и доп. 
210 |a Москва  |c Стройиздат  |d 1974 
215 |a 256 с.  |c ил. 
320 |a Библиогр.: с. 251-255 
610 1 |a заполнители 
610 1 |a заполнители пористые 
610 1 |a искусственные заполнители 
610 1 |a производство 
610 1 |a легкие бетоны 
610 1 |a керамзиты 
610 1 |a аглопориты 
610 1 |a шлаковая пемза 
610 1 |a перлиты 
675 |a 666.97  |v 3 
700 1 |a Элинзон  |b М. П.  |g Марк Петрович 
801 1 |a RU  |b 63413507  |c 20060228  |g PSBO 
801 2 |a RU  |b 63413507  |c 20080118  |g PSBO 
942 |c BK